000 01118nam a22003377a 4500
003 CHAP
005 20220329143755.0
008 110805s1990 us a r 00010 eng d
010 _a101730
011 _a102702
020 _a1851665102
035 _a113391
040 _cCHAP
082 0 4 _a338.1
_bSy87
245 0 0 _aSystems theory applied to agriculture and the food chain
_c/editado por J. G. W. Jones y P. R. Street
260 _aNew York :
_bElsevier Applied Science,
_cc1990
300 _axvi, 365 p. :
_bilus., tablas
590 _aBATCH-UPD
_b10
_c20130110
_lUCH01
_h1304
590 _aBATCH-UPD
_b10
_c20130410
_lUCH01
_h0821
590 _aBATCH-UPD
_b10
_c20130914
_lUCH01
_h0807
590 _aCONVERSION
_b10
_c20130109
_lUCH01
_h1356
650 1 4 _aCadena alimentaria.
_917041
650 1 4 _aIndustrias agrícolas.
_957925
650 1 4 _aProductos agrícolas.
_991896
650 1 4 _aSistemas de producción.
_9106767
700 1 _aJones, J. G. W.
_962026
700 1 _aStreet, P. R.
_9109976
901 _aBK
942 _cLIBRO
949 _a338.1 Sy87
_bBC
_cLIBRO
_d33724002247124
_eLIBRO
_h115493
_i113391
_sb
999 _c101730
_d101730